Сравнительная характеристика фразеосемантических полей "качества человека" в русском и китайском языках; Научная инициатива иностранных студентов и аспирантов российских вузов

Detaylı Bibliyografya
Parent link:Научная инициатива иностранных студентов и аспирантов российских вузов.— 2011.— [С. 618-621]
Yazar: Чэн Си
Diğer Yazarlar: Михалева Е. В. (научный руководитель)
Özet:Заглавие с экрана.
Электронная версия печатной публикации
Dil:Rusça
Baskı/Yayın Bilgisi: 2011
Konular:
Online Erişim:http://www.lib.tpu.ru/fulltext/v/Conferences/2011/K04/114188.pdf
Materyal Türü: Elektronik Kitap Bölümü
KOHA link:https://koha.lib.tpu.ru/cgi-bin/koha/opac-detail.pl?biblionumber=214354

MARC

LEADER 00000naa2a2200000 4500
001 214354
005 20260116170045.0
035 |a (RuTPU)RU\TPU\book\234216 
035 |a RU\TPU\book\234211 
090 |a 214354 
100 |a 20120423d2011 k y0rusy50 ca 
101 0 |a rus 
102 |a RU 
135 |a drnn ---uucaa 
181 0 |a i  
182 0 |a b 
200 1 |a Сравнительная характеристика фразеосемантических полей "качества человека" в русском и китайском языках  |f Чэн Си  |g науч. рук. Е. В. Михалева 
203 |a Текст  |c электронный 
215 |a 1 файл (648 Кб) 
300 |a Заглавие с экрана. 
300 |a Электронная версия печатной публикации 
337 |a Adobe Reader 
463 1 |0 (RuTPU)RU\TPU\book\227679  |t Научная инициатива иностранных студентов и аспирантов российских вузов  |o сборник докладов IV Всероссийской научно-практической конференции, Томск, 19-21 мая 2011 г.  |f Ассоциация иностранных студентов в России (АИС) ; Национальный исследовательский Томский политехнический университет (ТПУ), Институт международного образования и языковой коммуникации (ИМОЯК)  |v [С. 618-621]  |d 2011 
610 1 |a фразеология 
610 1 |a семантические поля 
610 1 |a русский язык 
610 1 |a китайский язык 
610 1 |a личные качества 
610 1 |a качества человека 
610 1 |a сравнительная характеристика 
610 1 |a электронный ресурс 
610 1 |a труды учёных ТПУ 
700 0 |a Чэн Си 
702 1 |a Михалева  |b Е. В.  |4 727 
801 1 |a RU  |b 63413507  |c 20120301 
801 2 |a RU  |b 63413507  |c 20130131  |g RCR 
856 4 |u http://www.lib.tpu.ru/fulltext/v/Conferences/2011/K04/114188.pdf 
942 |c CF